| 000 | 00792nam a22002177a 4500 | ||
|---|---|---|---|
| 005 | 20240530110617.0 | ||
| 008 | 161205s2010 ua abf f b 000 0 ara d | ||
| 017 |
_a2010/5521 _bمصر. دار الكتب |
||
| 020 | _a9789777010078 | ||
| 040 |
_aEG-CaGPL _cEG-CaGPL |
||
| 082 | 0 | 4 |
_221 _a932 _bق/ب ك |
| 100 | 0 | _aبسام الشماع . | |
| 245 | 1 | 0 |
_aكتاب مصر القديمة / _cبسام الشماع . |
| 250 | _aط.1 | ||
| 260 |
_aالقاهرة : _c2010 . _bمطبعة دار الكتب و الوثائق القومية بالقاهرة ، |
||
| 300 |
_a383 ص. : _bصور لو ؛ _c24 سم . |
||
| 504 | _aيشتمل على ارجاعات ببليوجرافية | ||
| 651 | 0 | 7 |
_2qrmak _aمصر القديمة _xتاريخ . |
| 942 |
_2ddc _cBK |
||
| 999 |
_c62989 _d62989 |
||